[Event "Tata Steel GCT Blitz 2019"]
[Site "Kolkata"]
[Date "2019.11.25"]
[Round "1"]
[White "Giri, Anish"]
[Black "Nakamura, Hikaru"]
[Result "1/2-1/2"]
[WhiteElo "2776"]
[BlackElo "2741"]
[Annotator "TA"]
[PlyCount "36"]
[EventDate "2019.11.25"]
[EventType "tourn"]
[EventCountry "IND"]
[SourceTitle "playchess.com"]
[Source "ChessBase"]
[SourceQuality "1"]

{[%evp 32,36,57,0,18,0,72]} 1. d4 Nf6 2. c4 e6 3. Nf3 d5 4. Nc3 Be7 5. Bg5 h6 6. Bh4 O-O 7. e3 Ne4 8. Bxe7 Qxe7 9. Rc1 c6 10. Bd3 Nxc3 11. Rxc3 dxc4 12. Bxc4 Nd7 13. O-O e5 14. Bb3 e4 15. Nd2 Nf6 (15... c5 16. Qc2 cxd4 17. exd4 Nf6 18. Rc7 Qd8 19. Qc5 b6 20. Qe7 Bd7 21. Qxd8 Raxd8 22. Re1 Bf5 23. Rxa7 Rxd4 {½-½ (35) Stojanovic,M (2591)-Miladinovic,I (2566) Valjevo 2011}) 16. Rc5 Nd7 17. Rc3 Nf6 $146 {D56: Queen's Gambit Declined: Lasker Defence} ({Predecessor:} 17... Kh7 18. Nxe4 g6 19. Qf3 f5 20. Nc5 Nf6 21. Rfc1 Qd6 22. Qg3 Qe7 23. Qe5 Rf7 24. Qxe7 Rxe7 25. h3 {1-0 (32) Araujo,V (2005)-Macedo,A (1884) Natal 2017}) 18. Rc5 (18. Qb1 $11) 18... Nd7 1/2-1/2

[Event "Tata Steel GCT Blitz 2019"]
[Site "Kolkata"]
[Date "2019.11.25"]
[Round "1"]
[White "So, Wesley"]
[Black "Ding, Liren"]
[Result "1/2-1/2"]
[WhiteElo "2760"]
[BlackElo "2801"]
[Annotator "TA"]
[PlyCount "70"]
[EventDate "2019.11.25"]
[EventType "tourn"]
[EventCountry "IND"]
[SourceTitle "playchess.com"]
[Source "ChessBase"]
[SourceQuality "1"]

{[%evp 13,70,0,0,-4,0,0,0,0,0,-20,0,0,0,0,20,16,29,14,19,14,25,14,17,14,19,18,11,-8,5,0,6,6,6,6,6,6,6,0,4,1,6,4,58,58,52,54,63,0,0,0,0,0,0,0,0,0,0,0,0]} 1. e4 e5 2. Nf3 Nc6 3. d4 exd4 4. Nxd4 Nf6 5. Nc3 Bb4 6. Nxc6 bxc6 7. Bd3 d5 8. Bd2 $146 {C47: Scotch Four Knights and Four Knights with 4 g3} (8. exd5 O-O 9. O-O cxd5 10. Bg5 c6 11. Qf3 Bd6 12. Rae1 Rb8 13. Nd1 h6 14. Bxf6 Qxf6 15. Qxf6 gxf6 16. b3 Kg7 17. Ne3 Re8 18. Nf5+ Bxf5 19. Bxf5 Re5 20. Bd7 Rb6 21. g3 {½-½ (43) Rapport,R (2726)-Ding,L (2809) Shenzhen 2019}) 8... Bg4 9. f3 Be6 10. O-O dxe4 11. Nxe4 Nxe4 12. Bxb4 Qd4+ {[%mdl 64] [#] Double Attack} 13. Kh1 Qxb4 14. Bxe4 O-O 15. b3 Rad8 16. Qe1 c5 17. Qxb4 cxb4 18. a3 a5 19. axb4 axb4 20. Rfd1 g6 21. Kg1 c5 22. Kf2 c4 23. bxc4 Rxd1 24. Rxd1 Bxc4 $11 {[%mdl 4096] Endgame KRB-KRB} 25. Rb1 Rb8 26. Ke3 Be6 27. Kd4 Kg7 (27... Kf8 $11) 28. c4 $1 $14 Kf6 29. Bd5 Bxd5 30. cxd5 {KR-KR} (30. Kxd5 $14 Rd8+ 31. Kc5) 30... b3 {The position is equal.} 31. Rb2 Ke7 32. Kc4 Kd6 33. Rxb3 Rxb3 34. Kxb3 {[#] Threatens to win with Kc4.} Kxd5 {Hoping for ...Kd4.} 35. Kc3 f5 {Accuracy: White = 73%, Black = 67%.} 1/2-1/2

[Event "Tata Steel GCT Blitz 2019"]
[Site "Kolkata"]
[Date "2019.11.25"]
[Round "1"]
[White "Anand, Viswanathan"]
[Black "Nepomniachtchi, Ian"]
[Result "0-1"]
[WhiteElo "2757"]
[BlackElo "2773"]
[Annotator "TA"]
[PlyCount "116"]
[EventDate "2019.11.25"]
[EventType "tourn"]
[EventCountry "IND"]
[SourceTitle "playchess.com"]
[Source "ChessBase"]
[SourceQuality "1"]

{[%evp 9,116,14,15,0,0,0,0,-30,4,0,20,19,27,0,0,0,0,0,0,6,58,-21,-21,-47,-48,-85,7,11,12,-22,-22,-10,-8,-14,-16,-23,-29,-22,-20,-41,-44,-47,-41,-111,-42,-60,-57,-56,-45,-79,-45,-154,-139,-137,-137,-137,-136,-217,-208,-216,-214,-212,-228,-193,-159,-170,-140,-142,-142,-142,-141,-141,-135,-135,-135,-135,-94,-177,-177,-185,-134,-197,-197,-197,-193,-193,-189,-175,-167,-167,-167,-167,-167,-367,-320,-295,-157,-197,-197,-491,-466,-625,-427,-396,-398,-603,-589,-1173,-1131]} 1. e4 c5 2. Nf3 d6 3. d4 cxd4 4. Qxd4 Nf6 5. Be2 g6 (5... Nc6 6. Qe3 g6 7. O-O Bg7 8. h3 O-O 9. c4 b6 10. Rd1 Nd7 11. Nc3 Bb7 12. b3 Nb4 {0-1 (37) Anand,V (2764)-Vachier Lagrave,M (2775) Paris 2019}) 6. h3 {B53: Sicilian: 2...d6: Lines with Qxd4} Bg7 7. O-O O-O 8. c4 $146 {The position is equal.} ({Predecessor:} 8. Qe3 Nbd7 9. c4 b6 10. Nc3 Bb7 11. Rb1 Nc5 12. Nd2 e6 {0-1 (34) Nitin,S (2398)-Aravindh,C (2598) New Delhi 2019}) 8... Be6 9. Qe3 Qc8 10. Bd2 Nbd7 11. Nd4 Qc5 12. Nxe6 fxe6 13. Nc3 Rac8 14. Rac1 a6 (14... Nh5 $11) 15. Qxc5 ({White should play} 15. g3 $14) 15... Nxc5 $11 16. f3 Nh5 $1 17. Rfd1 Nf4 (17... Ng3 $17 {...Bxc3 is the strong threat.} 18. Rc2 Bd4+ 19. Kh2 Be5) 18. Bxf4 Rxf4 19. b3 Rff8 20. b4 Nd7 21. Na4 Rc7 22. c5 Rfc8 23. Rb1 $1 Be5 24. Kf1 Kf7 25. Kf2 $1 g5 26. Rb3 (26. Rd2 $15) 26... Kf6 ({Better is} 26... dxc5 $17 27. Nxc5 Nxc5 28. bxc5 Rxc5 29. Rxb7 Rc2) 27. Kf1 h5 28. Rbd3 h4 29. Rb3 Bf4 30. Ke1 (30. Bd3 $15) 30... dxc5 $17 31. bxc5 Nxc5 32. Nxc5 Rxc5 33. Rxb7 (33. Bd3 $17) 33... Rc2 $19 34. Rdb1 Bg3+ ({But not} 34... Rxa2 35. R7b2 $17) 35. Kd1 Rxa2 {[#] ( -> ...Rd8+)} 36. R7b2 Ra5 37. Bd3 Be5 38. Rc2 Rd8 39. Ke2 Ra3 40. Bc4 Rd6 41. Ra2 Rxa2+ 42. Bxa2 $17 {[%mdl 4096] Endgame KRB-KRB} a5 {[%cal Ba6a5,Ba5a4][%mdl 32]} 43. Bb3 (43. Rb5 $17 {is a better defense.}) 43... Rd4 $19 44. Bd1 Bd6 (44... a4 $19 {Threatens to win with ...Rxd1!} 45. Rb6 Bf4) 45. Bb3 (45. Bc2 $17) 45... a4 46. Ba2 a3 47. Rd1 Ra4 48. Rc1 Ra5 49. Kd3 Rb5 50. Rc2 Ke5 51. Kc3 $2 (51. Ke3 {was worth a try.}) 51... Rb6 52. Kd3 {[#]} Bb4 (52... Kf4 $1 $19 53. Rc8 Kg3) 53. Kc4 Kf4 54. Kd4 $2 (54. e5) 54... Bd6 55. Kc4 Kg3 56. Kd3 Be5 57. Bc4 (57. Re2 $142) 57... Rd6+ 58. Ke2 Kxg2 {Accuracy: White = 41%, Black = 64%.} 0-1

[Event "Tata Steel GCT Blitz 2019"]
[Site "Kolkata"]
[Date "2019.11.25"]
[Round "2"]
[White "Carlsen, Magnus"]
[Black "Giri, Anish"]
[Result "1/2-1/2"]
[WhiteElo "2870"]
[BlackElo "2776"]
[Annotator "TA"]
[PlyCount "79"]
[EventDate "2019.11.25"]
[EventType "tourn"]
[EventCountry "IND"]
[SourceTitle "playchess.com"]
[Source "ChessBase"]
[SourceQuality "1"]

{[%evp 16,79,20,0,12,0,0,10,6,5,13,0,9,6,5,8,9,9,7,0,7,12,8,0,0,0,0,2,7,0,5,0,14,0,0,-5,0,0,0,0,0,0,0,0,6,0,0,0,14,0,0,0,0,0,0,0,0,0,0,0,0,0,0,0,0,0]} 1. e4 c5 2. Nf3 d6 3. Bb5+ Bd7 4. Bxd7+ Nxd7 5. O-O Ngf6 6. Qe2 e6 7. b3 Be7 8. c4 O-O 9. Bb2 {The position is equal.} Rc8 {B52: Sicilian: Moscow Variation with 3...Bd7} 10. d4 d5 (10... cxd4 11. Nxd4 a6 12. Nc3 Ne5 13. Rad1 Ng6 14. Rfe1 Re8 15. g3 Bf8 16. Kg2 Qc7 17. Qe3 {0-1 (52) Vachier Lagrave,M (2775)-Giri,A (2779) Paris 2019}) 11. cxd5 $146 ({Predecessor:} 11. Nbd2 cxd4 12. Bxd4 dxc4 13. Nxc4 Qc7 14. Rfd1 Rfd8 {0-1 (39) Townsend,J (1909)-Rosso,P (2089) IECG email 2002}) 11... exd5 12. e5 Ne4 13. Nc3 Nxc3 14. Bxc3 Qb6 15. dxc5 Nxc5 16. Bd4 Qg6 17. Bxc5 Bxc5 18. Rad1 Rfd8 19. Rd3 Qe4 20. Qd1 d4 21. Re1 Qd5 22. h4 Rc6 23. Qe2 h6 24. h5 Re6 25. Qd2 a6 26. Qf4 Bb6 27. Red1 {[%cal Rf3d4]} Rde8 28. Qg4 Qa5 29. a4 Qd5 30. Rc1 Rc6 31. Rcd1 Rce6 32. Qf4 Rc6 33. Nxd4 (33. Qg3 {keeps more tension.} Rcc8 34. Qg4 Qe6 35. Qxe6 Rxe6 36. Kf1) 33... Bxd4 34. Qxd4 Qxd4 35. Rxd4 Rxe5 $11 {KRR-KRR} 36. Rd8+ Kh7 37. R8d7 b5 38. Rxf7 bxa4 39. bxa4 Rxh5 40. Rf4 {Accuracy: White = 48%, Black = 74%.} 1/2-1/2

[Event "Tata Steel GCT Blitz 2019"]
[Site "Kolkata"]
[Date "2019.11.25"]
[Round "3"]
[White "Giri, Anish"]
[Black "Ding, Liren"]
[Result "1/2-1/2"]
[WhiteElo "2776"]
[BlackElo "2801"]
[Annotator "TA"]
[PlyCount "60"]
[EventDate "2019.11.25"]
[EventType "tourn"]
[EventCountry "IND"]
[SourceTitle "playchess.com"]
[Source "ChessBase"]
[SourceQuality "1"]

{[%evp 16,60,8,11,18,11,16,10,25,3,6,5,6,5,9,17,16,13,2,0,7,-21,-3,-15,33,33,34,33,51,43,58,18,18,18,18,18,18,18,18,-8,-8,-8,-8,-8,-8,-8,-8]} 1. e4 e5 2. Nf3 Nc6 3. Bb5 a6 4. Ba4 Nf6 5. O-O Be7 6. d3 b5 7. Bb3 d6 8. a3 O-O 9. Nc3 Na5 {C77: Ruy Lopez: 3...a6 4 Ba4 Nf6, unusual lines} (9... Bg4 10. Be3 Nd4 11. Bxd4 exd4 12. Nd5 c5 13. a4 Be6 14. Nxf6+ Bxf6 15. Bxe6 fxe6 16. g3 Qd7 17. axb5 axb5 18. Kg2 {½-½ (39) Giri,A (2780)-Ding,L (2816) Shenzhen 2018}) 10. Ba2 Be6 11. b4 Bxa2 12. Nxa2 Nc6 13. c4 Nd4 14. Nc3 Nxf3+ 15. Qxf3 c6 {[#]} 16. Rb1 $146 ({Predecessor:} 16. Bd2 Qc8 17. Rfb1 {1-0 (41) Nepomniachtchi,I (2768)-Wojtaszek,R (2727) Batumi 2018}) 16... Qd7 17. a4 bxa4 18. Nxa4 {And now Nb6 would win.} Rab8 19. Nc3 d5 20. exd5 cxd5 21. Bg5 $1 {[%cal Rg5f6] aiming for Bxf6.} e4 ({Don't blunder} 21... Bxb4 $2 {[#]} 22. Rxb4 $1 {[%mdl 512]} (22. Nxd5 Nxd5 23. cxd5 a5 $17) (22. Bxf6 Bxc3 23. Qg3 g6 $14) 22... Rxb4 23. Bxf6 $18) 22. dxe4 {Black must now prevent Rfd1.} dxe4 23. Qe2 Qd3 {The position is equal.} 24. Qxd3 exd3 25. Bxf6 Bxf6 26. Nd5 Rfc8 27. Rfd1 Rxc4 28. Rxd3 {[#]} a5 $1 {[%mdl 512]} 29. Rdb3 (29. bxa5 Rxb1+) 29... axb4 30. Rxb4 Rcxb4 {Accuracy: White = 62%, Black = 69%.} 1/2-1/2

[Event "Tata Steel GCT Blitz 2019"]
[Site "Kolkata"]
[Date "2019.11.25"]
[Round "3"]
[White "So, Wesley"]
[Black "Aronian, Levon"]
[Result "1/2-1/2"]
[WhiteElo "2760"]
[BlackElo "2772"]
[Annotator "TA"]
[PlyCount "69"]
[EventDate "2019.11.25"]
[EventType "tourn"]
[EventCountry "IND"]
[SourceTitle "playchess.com"]
[Source "ChessBase"]
[SourceQuality "1"]

{[%evp 10,69,33,8,50,48,40,54,47,33,39,37,57,0,21,22,26,30,31,42,35,13,29,16,58,8,16,19,30,33,49,35,83,82,91,76,177,131,154,72,64,64,78,0,0,0,0,0,175,167,158,155,137,0,0,0,0,0,0,0,0,0]} 1. Nf3 d5 2. g3 Nc6 3. d4 Bf5 4. Bg2 e6 5. O-O Nb4 6. Na3 c6 {D02: 1 d4 d5 2 Nf3 sidelines, including 2...Nf6 3 g3 and 2...Nf6 3 Bf4} 7. Nh4 (7. c3 Na6 8. Qb3 Qc8 9. Nh4 Be4 10. f3 Bg6 11. Nxg6 hxg6 12. e4 Nf6 13. e5 Nd7 14. f4 {1-0 (51) Grischuk,A (2766)-Duda,J (2737) chess.com INT 2018}) 7... Bg4 8. c3 Na6 $1 {White is slightly better.} 9. Nc2 Be7 10. Nf3 Nf6 11. h3 (11. Ne5 $14) 11... Bh5 12. Ne5 Nd7 $146 ({Predecessor:} 12... O-O 13. g4 Bg6 14. Bf4 {½-½ (50) Valderrama Quiceno,E (2429)-Bruzon Batista,L (2661) Panama City 2017}) 13. Nd3 g5 14. Qe1 f5 15. f3 O-O 16. e4 Nc7 17. Be3 fxe4 18. fxe4 Bg6 19. Qe2 dxe4 20. Nf2 Nd5 21. Bxe4 Qc7 22. Kg2 c5 (22... Nxe3+ $16 {keeps fighting.} 23. Qxe3 Bh5) 23. Bxg6 hxg6 24. c4 (24. Rae1 $142) 24... Nxe3+ $16 25. Qxe3 Qc6+ {[#]} 26. d5 $1 {[%mdl 512]} exd5 $11 27. Qxe7 {Black must now prevent Ng4.} Rae8 28. Qxg5 d4+ $2 ({Reject} 28... dxc4+ $6 29. Kg1 $16) (28... Rf5 $11 {and Black has nothing to worry.} 29. Qh4 d4+ 30. Kg1 Ne5) 29. Qd5+ $18 Qxd5+ 30. cxd5 {And now Rae1 would win.} Re2 31. Na3 ({White should try} 31. Ne1 $16) 31... Ne5 $11 {The position is equal.} 32. Kg1 {Hoping for Ng4.} Nf3+ 33. Kg2 Ne5 34. Kg1 Nf3+ 35. Kg2 {Accuracy: White = 55%, Black = 58%.} 1/2-1/2

[Event "Tata Steel GCT Blitz 2019"]
[Site "Kolkata"]
[Date "2019.11.25"]
[Round "3"]
[White "Anand, Viswanathan"]
[Black "Harikrishna, Pentala"]
[Result "1/2-1/2"]
[WhiteElo "2757"]
[BlackElo "2731"]
[Annotator "TA"]
[PlyCount "101"]
[EventDate "2019.11.25"]
[EventType "tourn"]
[EventCountry "IND"]
[SourceTitle "playchess.com"]
[Source "ChessBase"]
[SourceQuality "1"]

{[%evp 13,101,42,35,24,25,23,22,11,22,13,23,28,46,26,56,59,64,69,70,52,70,77,76,79,108,98,97,60,92,52,80,88,120,111,119,136,185,191,258,169,172,182,150,42,41,22,25,8,12,0,0,0,0,0,25,5,0,0,0,0,0,0,0,0,7,0,0,0,0,0,0,0,0,0,6,0,0,0,7,0,0,0,0,0,0,0,0,0,0,0]} 1. e4 e5 2. Nf3 Nc6 3. Bb5 a6 4. Ba4 Nf6 5. O-O Bc5 6. c3 O-O 7. d4 Ba7 8. Re1 {C78: Ruy Lopez: Archangelsk and Möller Defences} b5 9. Bc2 d6 10. h3 h6 11. Be3 Re8 12. Nbd2 Bb7 13. a3 $146 {[%cal Ba2a3,Ba3a4][%mdl 32]} ({Predecessor:} 13. d5 Ne7 14. Bxa7 Rxa7 15. a4 Ra8 {0-1 (38) Saric,I (2681)-Annaberdiev,M (2515) Konya 2019}) 13... Nb8 14. dxe5 dxe5 15. Bxa7 Rxa7 16. a4 Ra8 17. Qe2 c6 18. c4 b4 19. c5 Nbd7 20. Nb3 a5 21. Bd3 Qe7 22. Qe3 Nh5 23. Bc4 Nf4 24. Red1 Red8 25. Rd6 Ba6 (25... Kh7 {is a better defense.} 26. g3 Ng6) 26. Bxa6 Rxa6 27. Rad1 Ne6 28. Nfd2 (28. Qd2 $16 {[%cal Rd6d7]} Ra7 {[#]} 29. Nxe5 $1 {[%mdl 512]} Nxe5 30. Rxd8+ Nxd8 31. Qxd8+ {[%mdl 64] Double Attack} Kh7 32. Qxe7 Rxe7 33. Rd4 (33. Nxa5 Ra7 $16)) 28... Nexc5 $1 $14 29. Nc4 Nb7 $1 {[%cal Rb7d6]} 30. R6d2 Raa8 31. Nb6 Nxb6 32. Qxb6 Rxd2 33. Rxd2 Nd8 34. Nxa5 Ne6 $1 {The position is equal.} 35. Nxc6 Qg5 36. Qe3 Nf4 {[%csl Gf4][%cal Rg5g2]} 37. g3 Rxa4 38. Kh2 Ra1 39. Nxe5 (39. Qf3 {looks sharper.} Ne6 40. Rc2 Rb1 41. h4 Qf6 42. Qxf6 gxf6 43. Nxb4 Nd4 44. Rc8+) 39... Nxh3 40. Qxg5 Nxg5 $11 {[%mdl 4096] Endgame KRN-KRN} 41. Kg2 f6 42. Nf3 Nxe4 43. Rd4 f5 (43... Nc5 {feels hotter.} 44. Rxb4 Nd3 45. Rb3 Rd1 46. Rb8+ Kh7) 44. Rxb4 Rc1 45. Nd4 g6 46. Rb6 Kf7 47. Kf3 Rf1 48. Ke3 Rxf2 {[#]} 49. g4 $1 {[%mdl 512]} Rf1 (49... fxg4 50. Kxe4) 50. gxf5 gxf5 {[#]} 51. Nxf5 $1 {[%mdl 512] Accuracy: White = 65%, Black = 59%.} 1/2-1/2

[Event "Tata Steel GCT Blitz 2019"]
[Site "Kolkata"]
[Date "2019.11.25"]
[Round "3"]
[White "Nakamura, Hikaru"]
[Black "Carlsen, Magnus"]
[Result "1/2-1/2"]
[WhiteElo "2741"]
[BlackElo "2870"]
[Annotator "TA"]
[PlyCount "63"]
[EventDate "2019.11.25"]
[EventType "tourn"]
[EventCountry "IND"]
[SourceTitle "playchess.com"]
[Source "ChessBase"]
[SourceQuality "1"]

{[%evp 9,63,16,16,14,20,17,24,0,0,0,10,18,20,18,17,14,10,0,0,7,7,0,0,-19,0,-131,-126,-222,-225,-206,-97,-95,-91,-185,-203,-199,-103,-106,-111,-133,0,0,0,0,0,0,0,0,0,0,0,0,0,0,0,0]} 1. d4 d5 2. c4 c6 3. Nf3 Nf6 4. e3 e6 5. Nbd2 b6 6. Bd3 {D30: Queen's Gambit Declined: Systems without Nc3} Bb7 7. O-O Nbd7 (7... Be7 8. e4 dxe4 9. Nxe4 Nbd7 10. Bf4 Nxe4 11. Bxe4 Nf6 12. Bc2 O-O 13. Qe2 c5 14. Rad1 cxd4 15. Be5 Nd7 16. Bxd4 Qc7 17. Ne5 Nxe5 18. Bxe5 Qc6 19. Qg4 g6 20. Rd3 Qe4 21. Qxe4 Bxe4 {½-½ (41) Andreikin,D (2741)-Duda,J (2730) Khanty-Mansiysk 2019}) 8. e4 {White has an edge.} dxe4 9. Nxe4 Nxe4 10. Bxe4 Bd6 11. Qe2 Qc7 12. Bg5 h6 13. Bh4 $146 ({Predecessor:} 13. Bd2 O-O 14. Rfd1 Rfe8 15. Rac1 {1-0 (42) Bellin,J (2163)-Anderson,J (2205) Kilkenny 1999}) 13... O-O 14. Rad1 Rfe8 15. Bg3 Bxg3 16. fxg3 Rad8 17. c5 (17. b4 $11 {remains equal.}) 17... bxc5 $17 {[%cal Bb6c5,Bc5d4][%mdl 32]} 18. g4 (18. Ne5 $17 Nxe5 19. dxe5) 18... cxd4 $1 $19 19. g5 c5 (19... Nc5 $1 $19 20. Bb1 Rd5) 20. gxh6 gxh6 21. Nd2 (21. Bxb7 $17 Qxb7 22. Qd2) 21... f5 22. Qh5 Nf8 ({And not} 22... fxe4 23. Qg6+ Kh8 24. Rf7 $1 {[%mdl 512]} Qxh2+ 25. Kxh2 Rg8 26. Qxh6#) (22... Kg7 $19 {aiming for ...Nf6.} 23. Bxb7 Qxb7) 23. Bxb7 $17 Qxb7 24. Rf3 {[#] Black must now prevent Rg3+.} Kh7 {[#]} (24... Re7 $1 $17 {And now ...Rg7 would win.} 25. Qxh6 Rg7) 25. Ne4 $1 $11 {[%cal Re4f6][%mdl 512] The position is equal.} Re7 ({Not} 25... Qxe4 $2 26. Qf7+ Kh8 27. Rg3 $18) 26. Ng5+ Kg7 27. Rg3 hxg5 28. Qxg5+ Kf7 {Hoping for ...Ke8.} 29. Qh5+ Kf6 30. Qh8+ Kf7 {...Ke8 is the strong threat.} 31. Qh5+ Kf6 32. Qh8+ {Accuracy: White = 46%, Black = 60%.} 1/2-1/2

[Event "Tata Steel GCT Blitz 2019"]
[Site "Kolkata"]
[Date "2019.11.25"]
[Round "4"]
[White "Anand, Viswanathan"]
[Black "So, Wesley"]
[Result "1-0"]
[WhiteElo "2757"]
[BlackElo "2760"]
[Annotator "TA"]
[PlyCount "99"]
[EventDate "2019.11.25"]
[EventType "tourn"]
[EventCountry "IND"]
[SourceTitle "playchess.com"]
[Source "ChessBase"]
[SourceQuality "1"]

{[%evp 9,99,25,23,16,20,20,20,0,0,0,0,0,0,0,0,-7,25,25,18,23,29,20,35,42,39,35,41,41,41,41,42,41,42,34,42,42,42,42,42,42,42,42,42,41,41,42,41,41,42,36,129,102,104,119,110,105,167,196,178,184,227,225,311,303,465,450,416,408,6434,6175,29987,29988,29992,1031,29978,29979,29979,29979,29982,29983,29983,29984,29984,29985,29985,29986,29986,29978,29978,29979,29979,29980]} 1. e4 e5 2. Nf3 Nc6 3. Bb5 Nf6 4. d3 Bc5 5. Bxc6 dxc6 6. Nbd2 {C65: Ruy Lopez: Berlin Defence (3...Nf6), unusual lines and 4 0-0 Bc5} Be6 (6... Nd7 7. Nc4 f6 8. Qe2 Nf8 9. Be3 Bxe3 10. Nxe3 Ne6 11. O-O-O c5 12. g3 Nd4 13. Nxd4 cxd4 {½-½ (36) Anand,V (2757)-So,W (2760) Bucharest 2019}) 7. O-O Bd6 8. d4 {The position is equal.} Nd7 $1 9. dxe5 Nxe5 10. Nxe5 Bxe5 11. f4 Bd4+ 12. Kh1 f5 13. Qh5+ g6 {[#]} 14. Qe2 $146 O-O 15. Nf3 {Black must now prevent exf5.} Bf6 {Threatening ...fxe4.} 16. e5 Be7 17. Rd1 Qe8 18. Nd4 Qf7 19. Nxe6 Qxe6 20. Be3 Rad8 21. c4 a6 22. b3 Kf7 23. h3 h5 24. Bf2 Rxd1+ 25. Rxd1 Rd8 26. Rxd8 Bxd8 27. Qe1 Qe7 28. Kh2 Ke6 29. Qd2 Qd7 (29... g5 $14) 30. Qb4 $16 {Strongly threatening Qf8.} Kf7 31. Qxb7 Qd2 32. e6+ ({Not} 32. Qxc6 $2 Qxf2 33. Qd5+ Ke7 $19) 32... Kg7 (32... Kxe6 $16 {was worth a try.} 33. Qxc6+ Kf7) 33. Bg1 $1 $18 ({Inferior is} 33. Qxc6 Qxf2 34. Qd7+ Kh6 $11) 33... Qxf4+ 34. Kh1 Qd6 35. Qxa6 Qxe6 36. Qa7 $1 g5 {[#]} (36... f4 $142 37. Qd4+ Bf6 38. Qxf4 Qd6 39. Qxd6 cxd6) 37. a4 $1 g4 38. Qe3 Qc8 (38... Qg6 $142 39. a5 c5 40. Qe5+ Kf7 41. Bxc5 gxh3 42. gxh3 f4 43. Qxf4+ Ke8) 39. Qe8 {[%mdl 64] Double Attack} gxh3 40. Bd4+ Kh6 41. Bf6 (41. Qf8+ $142 Kg5 42. Bf6+ {[%mdl 64] Double Attack, Pin} Kf4 {[#]} 43. Qe8 $1 {[%mdl 576] Double Attack} Bxf6 44. Qxc8 Bd4 45. Qxc7+ Ke3 46. Qxc6) 41... hxg2+ 42. Kxg2 {White mates.} f4 {[#]} 43. Qg8 $1 {[%csl Gf6][%cal Rg8g7][%mdl 512]} Qd7 44. Qg5+ $1 {[%mdl 64] Double Attack} Kh7 45. Qxh5+ Kg8 46. Qh8+ Kf7 47. Qg7+ Ke6 48. Qxd7+ Kxd7 49. Bxd8 Kxd8 50. Kf3 {Accuracy: White = 82%, Black = 49%.} 1-0

[Event "Tata Steel GCT Blitz 2019"]
[Site "Kolkata"]
[Date "2019.11.25"]
[Round "5"]
[White "Carlsen, Magnus"]
[Black "Ding, Liren"]
[Result "0-1"]
[WhiteElo "2870"]
[BlackElo "2801"]
[Annotator "TA"]
[PlyCount "50"]
[EventDate "2019.11.25"]
[EventType "tourn"]
[EventCountry "IND"]
[SourceTitle "playchess.com"]
[Source "ChessBase"]
[SourceQuality "1"]

{[%evp 15,70,8,10,0,17,0,0,-6,0,0,8,-5,11,6,0,0,0,0,0,0,0,0,15,15,29,0,0,0,0,0,0,-64,-59,-55,-112,-77,0,-14,0,-128,-75,-117,-101,-99,-101,-511,-71,-509,-502,-518,-490,-1102,-1098,-1534,-1492,-29998,-29999]} 1. e4 e5 2. Nf3 Nc6 3. Bb5 a6 4. Ba4 Nf6 5. O-O Be7 6. Bxc6 dxc6 7. d3 Nd7 8. Nbd2 O-O 9. a4 {C85: Closed Ruy Lopez: Deferred Exchange Variation} a5 10. b3 $146 ({Predecessor:} 10. Nc4 Bf6 11. h3 Re8 12. Nh2 Nf8 13. Ng4 Ng6 14. Bd2 b6 15. Bc3 h5 16. Nxf6+ Qxf6 17. Bd2 h4 18. Qh5 {½-½ (18) Hovhannisyan,R (2522)-Petrosian,T (2613) Jermuk 2010}) 10... f6 11. Nh4 {The position is equal.} Nc5 12. Nf5 Ne6 13. Nc4 b6 (13... Bc5 {looks sharper.} 14. Be3 Bb4 15. Bd2 b6 16. Ng3 Ba6) 14. Nxe7+ Qxe7 15. Ne3 g6 16. Bb2 c5 17. Qd2 Bb7 18. Rae1 Rad8 19. f3 Kf7 20. Qf2 Ke8 21. Qh4 Kd7 22. f4 Nxf4 23. Rxf4 (23. g3 $1 $11 Ne6 24. Rf2) 23... exf4 $15 24. Ng4 $1 {[%cal Rb2f6]} g5 ({Black should try} 24... f5 $15 25. Bf6 Qd6 26. Qxh7+ Kc8 27. Bxd8 Qxd8) 25. Qh6 $17 {[%cal Rb2f6] [#]} f5 {Played: Qe7-e6} 0-1

[Event "Tata Steel GCT Blitz 2019"]
[Site "Kolkata"]
[Date "2019.11.25"]
[Round "5"]
[White "Giri, Anish"]
[Black "Aronian, Levon"]
[Result "1-0"]
[WhiteElo "2776"]
[BlackElo "2772"]
[Annotator "TA"]
[PlyCount "71"]
[EventDate "2019.11.25"]
[EventType "tourn"]
[EventCountry "IND"]
[SourceTitle "playchess.com"]
[Source "ChessBase"]
[SourceQuality "1"]

{[%evp 21,71,-4,7,15,37,37,35,33,28,45,42,34,46,28,37,35,42,15,40,41,81,73,78,0,0,0,0,-31,0,-84,-41,-47,93,94,83,93,89,100,46,0,0,0,0,0,0,0,-8,-1117,896,883,855,833]} 1. d4 Nf6 2. c4 e6 3. Nf3 d5 4. g3 Be7 5. Bg2 O-O 6. O-O dxc4 7. Qc2 a6 8. Qxc4 b5 9. Qc2 Bb7 10. Bd2 Be4 11. Qc1 Nc6 12. Be3 {E05: Open Catalan: 5 Nf3 Be7} b4 (12... Rc8 13. Nbd2 Bd5 14. Nb3 h6 15. Rd1 Nb4 16. Nc5 Nxa2 17. Qd2 b4 18. Nxa6 {½-½ (18) Kovalyov,A (2614)-Bruzon Batista,L (2711) Montreal 2012}) 13. Nbd2 Bd5 14. Bg5 $146 {White is slightly better.} ({Predecessor:} 14. Rd1 Ng4 15. Bf4 Nxd4 16. Nxd4 Bxg2 17. N2f3 Bxf3 18. exf3 e5 19. Nc6 Qe8 20. fxg4 exf4 21. Re1 fxg3 22. Nxe7+ Kh8 23. hxg3 Qd7 24. Qd1 {1-0 (24) Zubritskiy,A (2422)-Saveliev,A (2335) St Petersburg 2016}) 14... Nxd4 15. Nxd4 {Hoping for Nc6.} Bxg2 16. Nxe6 fxe6 17. Kxg2 Qd5+ 18. Nf3 c5 19. Qc2 c4 20. Rad1 Qb5 21. Rd4 $36 {[%mdl 2048] White is really pushing.} Rac8 {[#]} 22. Rh4 (22. Rc1 $1 $16) 22... c3 23. Bxf6 Bxf6 24. Qxh7+ Kf7 25. Rh5 (25. Rf4 $11) 25... Qxe2 26. Re1 Qxe1 (26... Rh8 $1 $15 {stays ahead.} 27. Rxe2 Rxh7 28. Rxh7 cxb2 29. Rxb2 (29. Nd2 $2 Rc2 $19) 29... Bxb2) 27. Nxe1 $16 cxb2 {[#] White must now prevent ...Rh8!} 28. Nd3 $1 {[%cal Rd3b2] Nxb2! is the strong threat.} Rh8 29. Qe4 {White threatens Qb7+ and mate.} Rxh5 ({Don't go for} 29... b1=Q $2 30. Qb7+ Be7 31. Ne5+ Kf6 32. Qf3+ Qf5 33. Nd7+ Kg6 34. Rxf5 $18) 30. Qb7+ (30. Nxb2 $5 {[%cal Re4b7]} Rch8 31. Qb7+ Kg8 32. Nd3 $14) 30... Be7 $1 31. Nxb2 Rc2 32. Nd3 Rxa2 33. g4 Rd5 34. Nxb4 $2 {[%mdl 8192]} (34. Nf4 $11 Rd4 35. Kg3) 34... Rb5 $4 {[%mdl 8192]} (34... Rb2 $19 35. Qxa6 Rxb4) 35. Qf3+ $18 Kg8 36. Nxa2 {Accuracy: White = 51%, Black = 51%.} 1-0